000 00233nam a22001217a 4500
003 SGT
082 _a340,KHA
100 _aKHAN,T.A.
245 _aMOHAMMEDAN LAW
260 _aNEW DELHI
_bCLA
_c2004
300 _a420
942 _2ddc
_cBK
999 _c11250
_d11250